01299nam a2200289 a 450000100060000000300090000600800410001501500210005602000340007704000280011104300180013908200180015710000540017524502140022925000120044326000430045530000310049849000700052959800150059965000380061465100700065270000490072294200120077199000690078399900170085295201400086924213CO-ViMGA141112s2004 ck r 000 u spa d ack - 2010 - xxxx a9789584465243 (obra completa) aCO-ViMGAbspacCO-ViMGA as - ck - - - 04a986.103 S168b1 aSantander, Francisco de Paula, 1792 - 184093529010aLa batalla de Boyacá / cFrancisco de Paula Santander, Cayo Leonidas Peñuela ; concepción y dirección editorial, Carlos Nicolás Hernández Camacho ; reproducción fotográfica, Juan Carlos Barbero a1a. ed. aBogotá : bC. N. Hernández, c2010 a96 p. : il., fot. ; 31 cm. aBiblioteca colombiana ilustrada. Bicentenario de la independencia aNEW - GRAL14aBoyacá, Batalla de, 1819935291 aColombia - Historia - Guerra de independencia, 1810 - 18199352921 aPeñuela, Cayo Leonidas, 1864 - 1946935293 2ddccBK aCarlos Nicolás Hernández 2 ejemplares 21 05052010 n aa717445 c32228d32228 00102ddc40708003aMEVIECARbMEVIECARd2015-12-04h07/dic/2011l0o986.103 S168b p24240r2015-12-04 00:00:00tEj. 1w2015-12-04yBK